England and the English (Запись № 1210654)

Подробности
000 -МАРКЕР
контрольное поле 01602nam0a2200325 4500
001 - ИДЕНТИФИКАТОР ЗАПИСИ
контрольное поле RU\NLR\bibl\1407053
005 - ИДЕНТИФИКАТОР ВЕРСИИ
контрольное поле 20260405212500.0
010 ## - МЕЖДУНАРОДНЫЙ СТАНДАРТНЫЙ НОМЕР КНИГИ (ISBN)
Номер (ISBN) 978-5-91709-003-0
Тираж 3000
021 ## - НОМЕР ГОСУДАРСТВЕННОЙ РЕГИСТРАЦИИ
Код страны Российская Федерация
Номер 2009-51062
Номер Листа государственной регистраци 3136
035 ## - ДРУГИЕ СИСТЕМНЫЕ НОМЕРА
Идентификатор записи (NLR Aleph) 001399049
100 ## - ДАННЫЕ ОБЩЕЙ ОБРАБОТКИ
Данные общей обработки 20090902d2009 |||y0rusy50 ca
101 0# - ЯЗЫК РЕСУРСА
Язык текста, звукозаписи и т.д. русский
-- английский
102 ## - СТРАНА ПУБЛИКАЦИИ ИЛИ ПРОИЗВОДСТВА
Страна публикации Российская Федерация
105 ## - ПОЛЕ КОДИРОВАННЫХ ДАННЫХ: ТЕКСТОВЫЕ МАТЕРИАЛЫ, МОНОГРАФИЧЕСКИЕ
Кодированные данные о монографическом текстовом документе ab |||||||||
200 1# - ЗАГЛАВИЕ И СВЕДЕНИЯ ОБ ОТВЕТСТВЕННОСТИ
Основное заглавие England and the English
Сведения, относящиеся к заглавию video activity book
-- учебное пособие к видеокурсу по английскому языку и культуре
Первые сведения об ответственности С.В. Титова
Последующие сведения об ответственности Моск. гос. ун-т им. М.В. Ломоносова, Фак. иностр. яз. и регионоведения
205 ## - СВЕДЕНИЯ ОБ ИЗДАНИИ
Сведения об издании [Изд. 2-е, перераб. и доп.]
210 ## - ПУБЛИКАЦИЯ, РАСПРОСТРАНЕНИЕ И ДР.
Место издания, распространения и т.д. Москва
Имя издателя, распространителя и т. д. Центручебфильм
Дата издания, распространения и т.д. 2009
215 ## - ФИЗИЧЕСКАЯ ХАРАКТЕРИСТИКА
Специфическое обозначение материала и объем 473 с.
Другие сведения о физической характеристике ил., карт.
Размеры 21
225 1# - СЕРИЯ
Основное заглавие серии Серия "Регионоведение. Страны и народы"
300 ## - ОБЩИЕ ПРИМЕЧАНИЯ
Текст примечания На обл. авт. не указан
606 1# - НАИМЕНОВАНИЕ ТЕМЫ КАК ПРЕДМЕТ
Наименование темы Английский язык
Формальный подзаголовок Учебные издания для высших учебных заведений
Системный номер авторитетной/нормативной записи 972309
Идентификатор авторитетной/нормативной записи RU\NLR\auth\6646032
686 ## - ИНДЕКСЫ ДРУГИХ КЛАССИФИКАЦИЙ
Индекс Ш143.21-93рус31
686 ## - ИНДЕКСЫ ДРУГИХ КЛАССИФИКАЦИЙ
Индекс Ш143.21-93рус329.2
700 #1 - ИМЯ ЛИЦА - ПЕРВИЧНАЯ ОТВЕТСТВЕННОСТЬ
Код отношения Автор
Материалы, к которым относится поле rus
Графика поля Кириллица
Начальный элемент ввода Титова
Часть имени, кроме начального элемента ввода С. В.
Дополнения к именам, кроме дат д-р пед. наук, иностр. языки
Расширение инициалов личного имени Светлана Владимировна
Идентификатор авторитетной/нормативной записи RU\NLR\auth\7795559
Системный номер авторитетной/нормативной записи 78485
801 #0 - ИСТОЧНИК ЗАПИСИ
Страна Российская Федерация
Организация NLR
Дата составления 20090902
Правила каталогизации RCR
801 #1 - ИСТОЧНИК ЗАПИСИ
Страна Российская Федерация
Организация NLR
Дата составления 20090902
942 ## - ДОПОЛНИТЕЛЬНЫЕ ЭЛЕМЕНТЫ ЗАПИСИ (АБИС)
Тип экземпляра АБИС Книга
980 ## - КОЛЛЕКЦИЯ
Название коллекции Национальная библиография
Экземпляры
Тип экземпляра Дата поступления Источник поступления Библиотека постоянного хранения Библиотека текущего хранения Место хранения Шифр хранения Штрих-код Статус экземпляра
Книга 02.09.2009 Обязательный экземпляр РНБ (Московский) РНБ (Московский) Русский книжный фонд: издания с 1957 года 2009-3/22573 1-1471204  
Книга 02.09.2009 Обязательный экземпляр РНБ (Московский) РНБ (Московский) Русский книжный фонд: издания с 1957 года 2009-3/22573 2984965